00345nam a2200145Ia 4500008004100000020001500041041001200056082001600068100001700084245004600101250000800147260002900155300000800184650000700192221030s9999 xx 000 0 und d a8122417221 aEnglish a105.23bWad aC. L. Wadhwa 0aElectrical Power Systemscby C. L. Wadhwa a4th bNew Age PubaDelhic2006 a887 aEE